000 00625nam a22002177a 4500
008 131115b xxu||||| |||| 00| 0 eng d
020 _a0199259534
041 0 _aeng
080 _a347
_x(094.4)
245 0 0 _aStatutes on family law :
_cedited by Mika Oldham
250 _a12th edition.
260 _aUnited States :
_bOxford Univeristy Press ;
_c2003.
300 _a495 f. :
_c22 cm.
490 _aBlackstone's statutes
500 _aPreface : f. XI
500 _aIncludes index
650 0 _aE drejta familjare
_xStatute
650 0 _aE drejta ndërkombëtare
700 _aMika, Oldham
942 _2udc
_cBK
999 _c336
_d336